Normal view
MARC view
- Hlavek, Robert
Entry Personal Name
001 - CONTROL NUMBER
- control field: 6098
003 - CONTROL NUMBER IDENTIFIER
- control field: OSt
005 - DATE AND TIME OF LATEST TRANSACTION
- control field: 20240222162003.0
008 - FIXED-LENGTH DATA ELEMENTS
- fixed length control field: 240222|| aca||aabn | a|a d
040 ## - CATALOGING SOURCE
- Original cataloging agency: OSt
- Transcribing agency: OSt
100 ## - HEADING--PERSONAL NAME
- Personal name: Hlavek, Robert
670 ## - SOURCE DATA FOUND
- Source citation: Work cat.: (OSt)710: Hlavek, Robert ., Selection Criteria for Irrigation systems / , 1995.
